000
00326nam a2200133Ia 4500
005
20260328101514.0
008
260328s9999||||xx |||||||||||||| ||und||
100
_a
Pullim, Graham
245
0
_a
Design Meets Disability /
_c
Graham Pullim
260
_b
MIT Press
300
_a
341 p.
650
_a
DISEÑO INDUSTRIAL
942
_c
BK
999
_c
9312
_d
9312